Solución y diseño de placas de cimentación

Gardado en:
Detalles Bibliográficos
Autor Principal: Prats Maldonado, Barbara
Formato: Libro
Publicado: San José, Costa Rica 1989
Materias:
Etiquetas: Engadir etiqueta
Sen Etiquetas, Sexa o primeiro en etiquetar este rexistro!

MARC

LEADER 00000nam a2200000Ia 4500
003 004736
005 20221231144338.0
008 140114s989 cr a m 000 ||s d
040 |c cru CEDI 
090 |a TFG 2203 
100 |a Prats Maldonado, Barbara  |9 13287 
245 |a Solución y diseño de placas de cimentación 
260 |c 1989  |a San José, Costa Rica 
300 |a  128 hojas : ilustraciones ; 28 cm  
500 |a  Proyecto de graduacion (licenciatura en ingeniería civil)--Universidad de Costa Rica. Facultad de Ingeniería. Escuela de Ingeniería Civil 
650 |x CIMENTACIONES - PROGRAMAS PARA COMPUTADORA  |9 11964 
942 |c TFG  |2 ddc 
999 |c 20489  |d 20489